Stations and Bases in Antarctica that gained population - Statistics

General Stats
  • This quiz has been taken 12 times
  • The average score is 6 of 10
Answer Stats
Population Change Answer % Correct
160,000.00% Jangbogo
100%
16.67% Troll
100%
150,000.00% Bharati
67%
15.80% Davis
67%
20.00% Palmer
67%
5.26% San Martin
67%
12.50% Capitán Arturo Prat
33%
5.26% Casey
33%
8.33% Concordia
33%
12.50% Sejong
33%
No matching quizzes found
Score Distribution
Percent of People with Each Score
Percentile by Number Answered
Your Score History
You have not taken this quiz